Revista del Centro Tecnológico. (Record no. 13864)

MARC details
000 -CABECERA
campo de control de longitud fija 01137nam a2200289 4500
003 - IDENTIFICADOR DEL NÚMERO DE CONTROL
campo de control OSt
005 - FECHA Y HORA DE LA ÚLTIMA TRANSACCIÓN
campo de control 20260530115323.0
008 - DATOS DE LONGITUD FIJA--INFORMACIÓN GENERAL
campo de control de longitud fija 260520b1994 mx a|||| |||| 00| 0 spa d
040 ## - FUENTE DE LA CATALOGACIÓN
Centro catalogador/agencia de origen ICI
Lengua de catalogación spa
Centro/agencia transcriptor ICI
050 04 - SIGNATURA TOPOGRÁFICA DE LA BIBLIOTECA DEL CONGRESO
Número de clasificación T1
Número de documento/Ítem .R48 1994
100 ## - ENTRADA PRINCIPAL--NOMBRE DE PERSONA
Término indicativo de función/relación autor
110 ## - ENTRADA PRINCIPAL--NOMBRE DE ENTIDAD CORPORATIVA
Nombre de entidad corporativa o nombre de jurisdicción como elemento de entrada Universidad Autónoma de Aguascalientes.
Unidad subordinada Centro Tecnológico,
Término indicativo de función/relación editor corporativo.
9 (RLIN) 34690
245 ## - MENCIÓN DE TÍTULO
Título Revista del Centro Tecnológico.
Resto del título n2.
264 ## - PRODUCCIÓN, PUBLICACIÓN, DISTRIBUCIÓN, FABRICACIÓN Y COPYRIGHT
Producción, publicación, distribución, fabricación y copyright Aguascalientes, México :
Nombre del de productor, editor, distribuidor, fabricante Universidad Autónoma de Aguascalientes,
Fecha de producción, publicación, distribución, fabricación o copyright 1994.
300 ## - DESCRIPCIÓN FÍSICA
Extensión 1 volumen :
336 ## - TIPO DE CONTENIDO
Fuente rdacontent
Término de tipo de contenido texto
337 ## - TIPO DE MEDIO
Fuente rdamedia
Nombre/término del tipo de medio sin medio
338 ## - TIPO DE SOPORTE
Fuente rdacarrier
Nombre/término del tipo de soporte volumen
610 ## - PUNTO DE ACCESO ADICIONAL DE MATERIA--NOMBRE DE ENTIDAD CORPORATIVA
Nombre de entidad corporativa o nombre de jurisdicción como elemento de entrada Universidad Autónoma de Aguascalientes
Subdivisión de forma Publicaciones periódicas.
9 (RLIN) 34691
650 #4 - PUNTO DE ACCESO ADICIONAL DE MATERIA--TÉRMINO DE MATERIA
Término de materia o nombre geográfico como elemento de entrada Tecnología
Subdivisión de forma Publicaciones periódicas.
9 (RLIN) 34692
650 #4 - PUNTO DE ACCESO ADICIONAL DE MATERIA--TÉRMINO DE MATERIA
Término de materia o nombre geográfico como elemento de entrada Ingeniería
Subdivisión de forma Publicaciones periódicas
9 (RLIN) 34693
650 #4 - PUNTO DE ACCESO ADICIONAL DE MATERIA--TÉRMINO DE MATERIA
Término de materia o nombre geográfico como elemento de entrada Investigación tecnológica
Subdivisión geográfica México.
9 (RLIN) 34694
650 #4 - PUNTO DE ACCESO ADICIONAL DE MATERIA--TÉRMINO DE MATERIA
Término de materia o nombre geográfico como elemento de entrada Universidades y colegios tecnológicos
Subdivisión geográfica México.
9 (RLIN) 34695
651 ## - PUNTO DE ACCESO ADICIONAL DE MATERIA--NOMBRE GEOGRÁFICO
Nombre geográfico Aguascalientes (México)
Subdivisión general Vida intelectual.
9 (RLIN) 34696
710 ## - PUNTO DE ACCESO ADICIONAL--NOMBRE DE ENTIDAD CORPORATIVA
Nombre de entidad corporativa o nombre de jurisdicción como elemento de entrada Universidad Autónoma de Aguascalientes,
Término indicativo de función/relación editor.
9 (RLIN) 34697
942 ## - ELEMENTOS DE PUNTO DE ACCESO ADICIONAL (KOHA)
Fuente del sistema de clasificación o colocación Library of Congress Classification
Suprimir en OPAC 0
Tipo de ítem Koha

No items available.